| Поле | Название | Значение |
| |
Тип записи |
c |
| |
Библиографический уровень |
m |
| 001 |
Контрольный номер |
RU/IS/BASE/593623127 |
| 005 |
Дата корректировки |
20260227132437.6 |
| 010 |
Индекс ISBN |
__ |
| 9 |
Тираж |
20000 экз. |
| 013 |
Номер (ISMN) |
__ |
| d |
Цена |
1 р. 40 к. |
| 071 |
Издательские номер (звукозапись и ноты) |
21 |
| a |
Номер, присвоенный агентством |
11859 |
| 100 |
Данные общей обработки |
__ |
| a |
Данные общей обработки |
20181023d1982 u y0rusy0189 ca |
| 101 |
Язык документа |
0_ |
| a |
Язык текста |
rus |
| f |
Язык титульного листа |
rus |
| 102 |
Страна публикации |
__ |
| a |
Страна публикации |
RU |
| 105 |
Кодированные данные (монография) |
__ |
| a |
Кодированные данные (монография) |
y###||||000|y |
| 125 |
Кодированные данные звукозаписи и нотных изданий |
__ |
| a |
Форма изложения нотного текста |
с| |
| 128 |
Кодированные данные (звукозаписи-физические характеристики) |
__ |
| a |
Кодированные данные: Музыкальная форма и тональность или лад |
zz |
| b |
Инструменты или голоса, необходимые для ансамблей (устаревшее) |
cu|| |
| c |
Инструменты или голоса, рекомендуемые для солистов (устаревшее) |
vu|| |
| 200 |
Заглавие и сведения об ответственности |
1_ |
| a |
Заглавие |
Вып. 2 |
| f |
Первые сведения об ответственности |
сост. Н. Горлов |
| g |
Последующие сведения об ответственности |
предисл. изд. |
| g |
Последующие сведения об ответственности |
организатор серии О. Агафонов |
| 210 |
Выходные данные |
1_ |
| d |
Дата издания |
1982 |
| 215 |
Физическое описание |
__ |
| a |
Объем |
192 с. |
| 327 |
Примечание о содержании |
11 |
| a |
Примечание о содержании |
Содерж.: Песни для хора в сопровождении фортепиано (баяна) : Захаров В. Слава советской державе! / сл. М. Исаковского. - Новиков А. Марш коммунистических бригад / сл. В. Харитонова. - Дунаевский И. Урожайная песня : из кф. "Кубанские казаки" / сл. М. Исаковского. - Москвин А. Степные капитаны / сл. Н. Шумакова. - Галахов О. Рабочие руки / сл. В. Семернина. - Ушкарев А. Тополя / сл. В. Шутова. - Глинка М. Попутная песня / перелож. для хора И. Лицвенко ; сл. Н. Кукольника. - Песни для народного хора в сопровождении баяна : Туликов С. Ты, Россия моя! / перелож. для баяна Н. Горлова ; сл. С. Острового. - Иванов Б. Поклонитесь хлебу русскому / перелож. для хора А. Широкова ; сл. Э. Вериго. - Киселев Б. Сколько звезд голубых... / сл. А. Прокофьева. - Подай балалайку : рус. нар. песня / обраб. Н. Кутузова. - Песни для вокального ансамбля в сопровождении фортепиано : Варламов А. Вдоль по улице метелица метёт / сл. нар. - Пастух : чеш. нар. песня / обраб. В. Мухина ; рус. текст Т. Сикорской. - Песни для солистов в сопровождении баяна : Блантер М. Лучше нету того цвету / перелож. для баяна В. Нестерова ; сл. М. Исаковского. - Гурьев Ю. Голубое Балаково / сл. В. Семернина. - Поликарпов Н. Рябина / сл. А. Смольникова. - Титара К. Иволга / сл. Т. Волобаевой. - Чумаков М. Я иду, а мне навстречу / сл. В. Бокова. - Пономаренко Г. Мой пустоговоря / сл. Г. Георгиева. - Ты воспой в саду, соловейка : рус. нар. песня / обраб. В. Клюева. - Песни в сопровождении инструментального ансамбля : Гамалия В. Мать - земля моя / сл. А. Тесаровой. - Пахмутова А. Отчего гармонь поёт : из кф. "Девчата" / сл. М. Матусовского. - Ушаков В. Осока / сл. С. Хохлова. - Вот мчится тройка почтовая : рус. нар. песня / обраб. И. Герауса. - Концертные пьесы для отдельных инструментов : Моцарт В. Турецкий марш / перелож. для баяна Н. Горлова. - Голиков В. Вальс. - Я вечор в лужках гуляла : рус. нар. песня / обраб. В. Сазонова ; Ой вы, ветры, ветерочки : рус. нар. песня / обраб. Н. Горлова. - Пьесы для различных инструментальных ансамблей : Чайковский П. Танец маленьких лебедей : из балета "Лебединое озеро" / перелож. Е. Рузаева. - Мотов В. Уральские припевки. - Нестеров В. В хороводе. - Музыка к танцам : Сигалов В. Кадриль. - Азов В. Русский шуточный танец. - Украинская полька / обраб. А. Салина. - Валенки : рус. нар. песня / обраб. В. Корнева. - Смоленский гусачок : рус. нар. танец / свободная обраб. А. Широкова. - Частушки, сатирические куплеты : Хорошо в колхозе нашем. - Декшинские припевки / обраб. А. Широкова ; сл. А. Владимирова. - Заволокины А. и Г. Иркутяночка чернобровая / сл. нар. - У моей у Клавы милой... : воронеж. страдания / обраб. Ю. Соловьева. - Долго не забудется : вятские перегудки / обраб. А. Аверкина ; сл. А. Цирульникова. - Горлов Н. Посмотрю в большо окошко... : сатирические куплеты / сл. В. Панкова. - Русская Ивановна / обраб. Е. Кузнецова ; сл. М. Мордасовой |
| 461 |
Уровень набора |
_0 |
| 1 |
|
001RU/IS/BASE/593616144 |
| 1 |
|
200 |
| a |
|
Концерт в сельском клубе |
| b |
|
Ноты |
| e |
|
[для пения (соло, ансамбль, хор) с сопровожд. фп., баяна, гитары, инструм. ансамбля и для отдельных инструментов и различных инструм. ансамблей] |
| v |
|
Вып. 2 |
| 1 |
|
210 |
| a |
|
М. |
| c |
|
Музыка |
| d |
|
1981 - |
| 1 |
|
225 |
| a |
|
Художественной самодеятельности |
| 464 |
Аналитический уровень |
_0 |
| 1 |
|
2001 |
| a |
|
Слава советской державе! |
| e |
|
Живи, красуйся во все времена... |
| 1 |
|
700 1 |
| a |
|
Захаров |
| b |
|
В. |
| 1 |
|
702 1 |
| a |
|
Исаковский |
| b |
|
М. |
| 4 |
|
520 |
| 464 |
Аналитический уровень |
_0 |
| 1 |
|
2001 |
| a |
|
Марш коммунистических бригад |
| e |
|
Будет людям счастье... |
| 1 |
|
700 1 |
| a |
|
Новиков |
| b |
|
А. |
| 1 |
|
702 1 |
| a |
|
Харитонов |
| b |
|
В. |
| 4 |
|
520 |
| 464 |
Аналитический уровень |
_0 |
| 1 |
|
2001 |
| a |
|
Урожайная песня |
| e |
|
По реке, реке Кубани... |
| e |
|
из кф. "Кубанские казаки" |
| 1 |
|
700 1 |
| a |
|
Дунаевский |
| b |
|
И. |
| 1 |
|
702 1 |
| a |
|
Исаковский |
| b |
|
М. |
| 4 |
|
520 |
| 1 |
|
50010 |
| a |
|
Кубанские казаки |
| 464 |
Аналитический уровень |
_0 |
| 1 |
|
2001 |
| a |
|
Степные капитаны |
| e |
|
Выйду в поле родное, лицом к нему встану... |
| 1 |
|
700 1 |
| a |
|
Москвин |
| b |
|
А. |
| 1 |
|
702 1 |
| a |
|
Шумаков |
| b |
|
Н. |
| 4 |
|
520 |
| 464 |
Аналитический уровень |
_0 |
| 1 |
|
2001 |
| a |
|
Рабочие руки |
| e |
|
На целом свете нет дороже сплава... |
| 1 |
|
700 1 |
| a |
|
Галахов |
| b |
|
О. |
| 1 |
|
702 1 |
| a |
|
Семернин |
| b |
|
В. |
| 4 |
|
520 |
| 464 |
Аналитический уровень |
_0 |
| 1 |
|
2001 |
| a |
|
Тополя |
| e |
|
Я город люблю на рассвете... |
| 1 |
|
700 1 |
| a |
|
Ушкарев |
| b |
|
А. |
| 1 |
|
702 1 |
| a |
|
Шутов |
| b |
|
В. |
| 4 |
|
520 |
| 464 |
Аналитический уровень |
_0 |
| 1 |
|
2001 |
| a |
|
Попутная песня |
| e |
|
Дым столбом, кипит, дымится пароход!.. |
| 1 |
|
700 1 |
| a |
|
Глинка |
| b |
|
М. |
| 1 |
|
702 1 |
| a |
|
Лицвенко |
| b |
|
И. |
| 4 |
|
030 |
| 1 |
|
702 1 |
| a |
|
Кукольник |
| b |
|
Н. |
| 4 |
|
520 |
| 464 |
Аналитический уровень |
_0 |
| 1 |
|
2001 |
| a |
|
Ты, Россия моя! |
| e |
|
Мать-Россия моя... |
| 1 |
|
700 1 |
| a |
|
Туликов |
| b |
|
С. |
| 1 |
|
702 1 |
| a |
|
Горлов |
| b |
|
Н. |
| 4 |
|
030 |
| 1 |
|
702 1 |
| a |
|
Островой |
| b |
|
С. |
| 4 |
|
520 |
| 464 |
Аналитический уровень |
_0 |
| 1 |
|
2001 |
| a |
|
Поклонитесь хлебу русскому |
| e |
|
Чистым сердцем мы встречаем... |
| 1 |
|
700 1 |
| a |
|
Иванов |
| b |
|
Б. |
| 1 |
|
702 1 |
| a |
|
Широков |
| b |
|
А. |
| 4 |
|
030 |
| 1 |
|
702 1 |
| a |
|
Вериго |
| b |
|
Э. |
| 4 |
|
520 |
| 464 |
Аналитический уровень |
_0 |
| 1 |
|
2001 |
| a |
|
Сколько звезд голубых... |
| e |
|
Сколько звезд голубых, сколько синих... |
| 1 |
|
700 1 |
| a |
|
Киселев |
| b |
|
Б. |
| 1 |
|
702 1 |
| a |
|
Прокофьев |
| b |
|
А. |
| 4 |
|
520 |
| 464 |
Аналитический уровень |
_0 |
| 1 |
|
2001 |
| a |
|
Подай балалайку |
| e |
|
Во горнице во новой... |
| e |
|
рус. нар. песня |
| 1 |
|
702 1 |
| a |
|
Кутузов |
| b |
|
Н. |
| 4 |
|
030 |
| 464 |
Аналитический уровень |
_0 |
| 1 |
|
2001 |
| a |
|
Вдоль по улице метелица метёт |
| e |
|
Вдоль по улице метелица метёт... |
| 1 |
|
700 1 |
| a |
|
Варламов |
| b |
|
А. |
| 1 |
|
702 1 |
| a |
|
Слова народные |
| 4 |
|
520 |
| 464 |
Аналитический уровень |
_0 |
| 1 |
|
2001 |
| a |
|
Пастух |
| e |
|
Дуй, пастух, в дудочку на заре... |
| e |
|
чеш. нар. песня |
| 1 |
|
702 1 |
| a |
|
Мухин |
| b |
|
В. |
| 4 |
|
030 |
| 1 |
|
702 1 |
| a |
|
Сикорская |
| b |
|
Т. |
| 4 |
|
730 |
| 464 |
Аналитический уровень |
_0 |
| 1 |
|
2001 |
| a |
|
Лучше нету того цвету |
| e |
|
Лучше нету того цвету... |
| 1 |
|
700 1 |
| a |
|
Блантер |
| b |
|
М. |
| 1 |
|
702 1 |
| a |
|
Нестеров |
| b |
|
В. |
| 4 |
|
030 |
| 1 |
|
702 1 |
| a |
|
Исаковский |
| b |
|
М. |
| 4 |
|
520 |
| 464 |
Аналитический уровень |
_0 |
| 1 |
|
2001 |
| a |
|
Голубое Балаково |
| e |
|
Нету города такого... |
| 1 |
|
700 1 |
| a |
|
Гурьев |
| b |
|
Ю. |
| 1 |
|
702 1 |
| a |
|
Семернин |
| b |
|
В. |
| 4 |
|
520 |
| 464 |
Аналитический уровень |
_0 |
| 1 |
|
2001 |
| a |
|
Рябина |
| e |
|
Рябина, рябина... |
| 1 |
|
700 1 |
| a |
|
Поликарпов |
| b |
|
Н. |
| 1 |
|
702 1 |
| a |
|
Смольников |
| b |
|
А. |
| 4 |
|
520 |
| 464 |
Аналитический уровень |
_0 |
| 1 |
|
2001 |
| a |
|
Иволга |
| e |
|
Иволга кричит к дождю... |
| 1 |
|
700 1 |
| a |
|
Титара |
| b |
|
К. |
| 1 |
|
702 1 |
| a |
|
Волобаева |
| b |
|
Т. |
| 4 |
|
520 |
| 464 |
Аналитический уровень |
_0 |
| 1 |
|
2001 |
| a |
|
Я иду, а мне навстречу... |
| e |
|
Я иду, а мне навстречу... |
| 1 |
|
700 1 |
| a |
|
Чумаков |
| b |
|
М. |
| 1 |
|
702 1 |
| a |
|
Боков |
| b |
|
В. |
| 4 |
|
520 |
| 464 |
Аналитический уровень |
_0 |
| 1 |
|
2001 |
| a |
|
Мой пустоговоря |
| e |
|
Вьётся тропка луговая... |
| 1 |
|
700 1 |
| a |
|
Пономаренко |
| b |
|
Г. |
| 1 |
|
702 1 |
| a |
|
Георгиев |
| b |
|
Г. |
| 4 |
|
520 |
| 464 |
Аналитический уровень |
_0 |
| 1 |
|
2001 |
| a |
|
Ты воспой в саду, соловейка |
| e |
|
Ты воспой, ты воспой в саду, соловейка... |
| e |
|
рус. нар. песня |
| 1 |
|
702 1 |
| a |
|
Клюев |
| b |
|
В. |
| 4 |
|
030 |
| 464 |
Аналитический уровень |
_0 |
| 1 |
|
2001 |
| a |
|
Мать - земля моя |
| e |
|
Завела метель песню русскую... |
| 1 |
|
700 1 |
| a |
|
Гамалия |
| b |
|
В. |
| 1 |
|
702 1 |
| a |
|
Тесарова |
| b |
|
А. |
| 4 |
|
520 |
| 464 |
Аналитический уровень |
_0 |
| 1 |
|
2001 |
| a |
|
Отчего гармонь поёт |
| e |
|
Старый клён, старый клён, старый клён стучит в стекло... |
| e |
|
из кф. "Девчата" |
| 1 |
|
700 1 |
| a |
|
Пахмутова |
| b |
|
А. |
| 1 |
|
702 1 |
| a |
|
Матусовский |
| b |
|
М. |
| 4 |
|
520 |
| 1 |
|
50010 |
| a |
|
Девчата |
| 464 |
Аналитический уровень |
_0 |
| 1 |
|
2001 |
| a |
|
Осока |
| e |
|
Над рекой калина спелая... |
| 1 |
|
700 1 |
| a |
|
Ушаков |
| b |
|
В. |
| 1 |
|
702 1 |
| a |
|
Хохлов |
| b |
|
С. |
| 4 |
|
520 |
| 464 |
Аналитический уровень |
_0 |
| 1 |
|
2001 |
| a |
|
Вот мчится тройка почтовая |
| e |
|
Вот мчится тройка почтовая... |
| e |
|
рус. нар. песня |
| 1 |
|
702 1 |
| a |
|
Гераус |
| b |
|
И. |
| 4 |
|
030 |
| 464 |
Аналитический уровень |
_0 |
| 1 |
|
2001 |
| a |
|
Турецкий марш |
| e |
|
перелож. для баяна |
| 1 |
|
700 1 |
| a |
|
Моцарт |
| b |
|
В. |
| 1 |
|
702 1 |
| a |
|
Горлов |
| b |
|
Н. |
| 4 |
|
030 |
| 464 |
Аналитический уровень |
_0 |
| 1 |
|
2001 |
| a |
|
Вальс |
| 1 |
|
700 1 |
| a |
|
Голиков |
| b |
|
В. |
| 464 |
Аналитический уровень |
_0 |
| 1 |
|
2001 |
| a |
|
Я вечор в лужках гуляла |
| e |
|
рус. нар. песня |
| 1 |
|
702 1 |
| a |
|
Сазонов |
| b |
|
В. |
| 4 |
|
030 |
| 464 |
Аналитический уровень |
_0 |
| 1 |
|
2001 |
| a |
|
Танец маленьких лебедей |
| e |
|
из балета "Лебединое озеро" |
| 1 |
|
700 1 |
| a |
|
Чайковский |
| b |
|
П. |
| 1 |
|
702 1 |
| a |
|
Рузаев |
| b |
|
Е. |
| 4 |
|
030 |
| 1 |
|
50010 |
| a |
|
Лебединое озеро |
| 464 |
Аналитический уровень |
_0 |
| 1 |
|
2001 |
| a |
|
Уральские припевки |
| 1 |
|
700 1 |
| a |
|
Мотов |
| b |
|
В. |
| 464 |
Аналитический уровень |
_0 |
| 1 |
|
2001 |
| a |
|
В хороводе |
| 1 |
|
700 1 |
| a |
|
Нестеров |
| b |
|
В. |
| 464 |
Аналитический уровень |
_0 |
| 1 |
|
2001 |
| a |
|
Кадриль |
| 1 |
|
700 1 |
| a |
|
Сигалов |
| b |
|
В. |
| 464 |
Аналитический уровень |
_0 |
| 1 |
|
2001 |
| a |
|
Русский шуточный танец |
| 1 |
|
700 1 |
| a |
|
Азов |
| b |
|
В. |
| 464 |
Аналитический уровень |
_0 |
| 1 |
|
2001 |
| a |
|
Украинская полька |
| 1 |
|
702 1 |
| a |
|
Салин |
| b |
|
А. |
| 4 |
|
030 |
| 464 |
Аналитический уровень |
_0 |
| 1 |
|
2001 |
| a |
|
Валенки |
| e |
|
рус. нар. песня |
| 1 |
|
702 1 |
| a |
|
Корнев |
| b |
|
В. |
| 4 |
|
030 |
| 464 |
Аналитический уровень |
_0 |
| 1 |
|
2001 |
| a |
|
Смоленский гусачок |
| e |
|
рус. нар. танец |
| 1 |
|
702 1 |
| a |
|
Широков |
| b |
|
А. |
| 4 |
|
030 |
| 464 |
Аналитический уровень |
_0 |
| 1 |
|
2001 |
| a |
|
Хорошо в колхозе нашем |
| e |
|
Хорошо в колхозе нашем... |
| 464 |
Аналитический уровень |
_0 |
| 1 |
|
2001 |
| a |
|
Декшинские припевки |
| e |
|
Вдоль деревни течет речка... |
| 1 |
|
702 1 |
| a |
|
Широков |
| b |
|
А. |
| 4 |
|
030 |
| 1 |
|
702 1 |
| a |
|
Владимиров |
| b |
|
А. |
| 4 |
|
520 |
| 464 |
Аналитический уровень |
_0 |
| 1 |
|
2001 |
| a |
|
Иркутяночка чернобровая |
| e |
|
Иркутяночка, подруга... |
| 1 |
|
700 1 |
| a |
|
Заволокин |
| b |
|
А. |
| 1 |
|
701 1 |
| a |
|
Заволокин |
| b |
|
Г. |
| 1 |
|
702 1 |
| a |
|
Слова народные |
| 4 |
|
520 |
| 464 |
Аналитический уровень |
_0 |
| 1 |
|
2001 |
| a |
|
У моей у Клавы милой... |
| e |
|
У моей у Клавы милой... |
| e |
|
воронеж. страдания |
| 1 |
|
702 1 |
| a |
|
Соловьев |
| b |
|
Ю. |
| 4 |
|
030 |
| 464 |
Аналитический уровень |
_0 |
| 1 |
|
2001 |
| a |
|
Долго не забудется |
| e |
|
Стало раньше заходить... |
| e |
|
вятские перегудки |
| 1 |
|
702 1 |
| a |
|
Аверкин |
| b |
|
А. |
| 4 |
|
030 |
| 1 |
|
702 1 |
| a |
|
Цирульников |
| b |
|
А. |
| 4 |
|
520 |
| 464 |
Аналитический уровень |
_0 |
| 1 |
|
2001 |
| a |
|
Посмотрю в большо окошко... |
| e |
|
Посмотрю в большо окошко... |
| e |
|
сатирические куплеты |
| 1 |
|
700 1 |
| a |
|
Горлов |
| b |
|
Н. |
| 1 |
|
702 1 |
| a |
|
Панков |
| b |
|
В. |
| 4 |
|
520 |
| 464 |
Аналитический уровень |
_0 |
| 1 |
|
2001 |
| a |
|
Русская Ивановна |
| e |
|
В голубом небе самолет летит... |
| 1 |
|
702 1 |
| a |
|
Кузнецов |
| b |
|
Е. |
| 4 |
|
030 |
| 1 |
|
702 1 |
| a |
|
Мордасова |
| b |
|
М. |
| 4 |
|
520 |
| 464 |
Аналитический уровень |
_0 |
| 1 |
|
2001 |
| a |
|
Ой вы, ветры, ветерочки |
| e |
|
рус. нар. песня |
| 1 |
|
702 1 |
| a |
|
Горлов |
| b |
|
Н. |
| 4 |
|
030 |
| 512 |
Заглавие обложки |
1_ |
| a |
Заглавие обложки |
Концерт в сельском клубе |
| 606 |
Тематические рубрики |
0_ |
| a |
Основная рубрика |
Репертуар художественной самодеятельности |
| x |
Основная подрубрика |
Хоровые произведения |
| x |
Основная подрубрика |
Хоры народные |
| x |
Основная подрубрика |
Ансамбли вокальные |
| x |
Основная подрубрика |
Песни |
| x |
Основная подрубрика |
Ансамбли инструментальные |
| x |
Основная подрубрика |
Концертные пьесы |
| x |
Основная подрубрика |
Пьесы |
| x |
Основная подрубрика |
Танцевальная музыка |
| x |
Основная подрубрика |
Частушки |
| 610 |
Ключевые слова |
0_ |
| a |
Ключевые слова |
репертуар художественной самодеятельности |
| 610 |
Ключевые слова |
0_ |
| a |
Ключевые слова |
хоровые произведения |
| 610 |
Ключевые слова |
0_ |
| a |
Ключевые слова |
народные хоры |
| 610 |
Ключевые слова |
0_ |
| a |
Ключевые слова |
вокальные ансамбли |
| 610 |
Ключевые слова |
0_ |
| a |
Ключевые слова |
ансамбли инструментальные |
| 610 |
Ключевые слова |
0_ |
| a |
Ключевые слова |
песни |
| 610 |
Ключевые слова |
0_ |
| a |
Ключевые слова |
концертные пьесы |
| 610 |
Ключевые слова |
0_ |
| a |
Ключевые слова |
пьесы |
| 610 |
Ключевые слова |
0_ |
| a |
Ключевые слова |
танцевальная музыка |
| 610 |
Ключевые слова |
0_ |
| a |
Ключевые слова |
частушки |
| 686 |
Индексы других классификаций |
__ |
| a |
Классификационный индекс |
85.9я436 |
| 2 |
Код системы |
rubbk |
| 702 |
Вторичная интеллектуальная ответственность |
_1 |
| a |
Фамилия |
Горлов |
| b |
Имя (инициалы) |
Н. Б. |
| 4 |
Код отношения |
220 |
| 702 |
Вторичная интеллектуальная ответственность |
_1 |
| a |
Фамилия |
Агафонов |
| b |
Имя (инициалы) |
О. |
| 4 |
Код отношения |
220 |
| 801 |
Источник записи |
_0 |
| a |
Страна |
RU |
| b |
Организация |
Ульяновская ОНБ |
| c |
Дата составления |
20181023 |
| g |
Правила каталогизации |
RCR |
| 801 |
Источник записи |
_1 |
| a |
Страна |
RU |
| b |
Организация |
Ульяновская ОНБ |
| c |
Дата составления |
20181023 |
| g |
Правила каталогизации |
RCR |
| 901 |
Тип документа |
__ |
| t |
Тип документа |
n |
| w |
Контрольный № источника |
RU/IS/BASE/593616144 |
| 909 |
Создатель записи |
__ |
| a |
Создатель записи |
Грязнова И. Е. |
| 910 |
Корректоры записи |
__ |
| a |
Корректор записи |
Васина |
| 938 |
Служебная информация |
__ |
| a |
Имя БД |
noti |
| b |
Имя библиотеки |
УОНБ |
| c |
Имя АИБС |
МАРК-SQL |
| d |
Номер DOC_ID в БД |
19308 |